| 000 | 00779nam a2200205 a 4500 | ||
|---|---|---|---|
| 999 |
_c1300 _d1300 |
||
| 005 | 20180116094302.0 | ||
| 008 | 140226b1990 ck ||||| |||| 00| 0 spa d | ||
| 040 |
_aCO-BoIAVH _cCO-BoIAVH |
||
| 041 | _aspa | ||
| 044 | _ack | ||
| 090 |
_aIND-I _b54 |
||
| 111 |
_aSeminario sobre investigación forestal en la Costa Pacífica _cBuenaventura _d1990 |
||
| 245 | 1 | 0 |
_aPlan de investigación y transferencia de tecnología forestal _bseminarios sobre investigación forestal |
| 260 |
_aBuenaventura (Valle del Cauca) _bDNP _bCOLCIENCIAS _bUniversidad del Tolima _bCONIF _bInderena _c1990 |
||
| 300 | _a125 Paginas | ||
| 650 | 1 | 4 | _aPlan de acción forestal |
| 650 | 1 | 4 | _aInvestigación científica |
| 650 | 1 | 4 | _aTransferencia de tecnología |
| 942 |
_cINFORME _2z |
||